[Event "Mecklenburg VP LL2 Ost 2223"]
[Site "Mecklenburg VP"]
[Date "2023.04.23"]
[Round "8.8"]
[White "Wagner, Tino"]
[Black "Trams, Emma Joe"]
[Result "0-1"]
[WhiteElo "1467"]
[BlackElo "1502"]
[PlyCount "96"]
[EventDate "2022.10.23"]
[EventType "team-tourn"]
[EventRounds "9"]
[EventCountry "GER"]
[SourceTitle "EXT 2024"]
[Source "ChessBase"]
[SourceDate "2023.10.10"]
[SourceVersion "1"]
[SourceVersionDate "2023.10.10"]
[SourceQuality "1"]
[WhiteTeam "Gryps SV"]
[BlackTeam "Stralsund HSG II"]
[WhiteTeamCountry "GER"]
[BlackTeamCountry "GER"]

1. e4 e5 2. Nf3 Nc6 3. Bc4 h6 4. c3 Nf6 5. d3 d6 6. a4 Bg4 7. Na3 Be7 8. Nc2 0-0 9. Ba2 a6 10. Ne3 Bh5 11. Nf5 b5 12. Nxe7+ Qxe7 13. 0-0 Rfb8 14. Bb1 Nd8 15. Re1 c5 16. Bc2 Nc6 17. Qe2 Nd7 18. a5 Qd8 19. Bb3 Nf6 20. Bd2 Nxa5 21. Ba2 Nc6 22. h3 a5 23. Qe3 b4 24. Nh4 b3 25. Bb1 Nh7 26. Nf5 Bg6 27. Qg3 Qf6 28. Re3 Bxf5 29. exf5 Qxf5 30. d4 Qg5 31. d5 Ne7 32. c4 a4 33. Qxg5 hxg5 34. Rg3 f6 35. h4 gxh4 36. Rg4 g5 37. f4 f5 38. Bxf5 Nxf5 39. fxg5 Kg7 40. g6 Nf8 41. Rf1 Ng3 42. Rf7+ Kg8 43. Rxh4 Nxg6 44. Rhh7 Nf5 45. g4 Nf8 46. Rxf8+ Rxf8 47. Rc7 Nd4 48. Bh6 Rf7 0-1

[Event "GER-ch U18 Girls"]
[Site "Willingen"]
[Date "2021.08.25"]
[Round "4"]
[White "Schilay, Maria"]
[Black "Trams, Emma Joe"]
[Result "1/2-1/2"]
[WhiteElo "1481"]
[BlackElo "1466"]
[PlyCount "82"]
[EventDate "2021.08.22"]
[EventType "swiss"]
[EventRounds "9"]
[EventCountry "GER"]
[SourceTitle "EXT 2022"]
[Source "ChessBase"]
[SourceDate "2021.10.06"]
[SourceVersion "1"]
[SourceVersionDate "2021.10.06"]
[SourceQuality "1"]

1. e4 e5 2. Nf3 Nc6 3. Nc3 Nf6 4. a3 d5 5. Bb5 Nxe4 6. Nxe4 dxe4 7. Nxe5 Qg5 8. d4 Qxg2 9. Rf1 a6 10. Bxc6+ bxc6 11. Bf4 Bd6 12. Qh5 Be6 13. 0-0-0 Qh3 14. Qg5 Qf5 15. Qxf5 Bxf5 16. Bg3 Bd7 17. Rde1 Bxe5 18. Bxe5 0-0 19. Rxe4 Rac8 20. Rfe1 Be6 21. Rg1 g6 22. Bf6 h5 23. Re5 Kh7 24. f4 Rfe8 25. Rge1 Rb8 26. c4 Kg8 27. Ra5 Bxc4 28. Rae5 Be6 29. R1e3 Rb5 30. Rc3 Rxe5 31. fxe5 Bd5 32. Rc5 Ra8 33. Kc2 Kf8 34. b4 Ke8 35. Kc3 Kd7 36. a4 Bf3 37. b5 cxb5 38. axb5 axb5 39. Rxb5 Kc8 40. h4 c6 41. Rb2 Bd5 1/2-1/2

[Event "GER-ch U18 Girls"]
[Site "Willingen"]
[Date "2021.08.23"]
[Round "1"]
[White "Trams, Emma Joe"]
[Black "Garbuz, Nicole"]
[Result "0-1"]
[WhiteElo "1466"]
[BlackElo "1695"]
[PlyCount "54"]
[EventDate "2021.08.22"]
[EventType "swiss"]
[EventRounds "9"]
[EventCountry "GER"]
[SourceTitle "EXT 2022"]
[Source "ChessBase"]
[SourceDate "2021.10.06"]
[SourceVersion "1"]
[SourceVersionDate "2021.10.06"]
[SourceQuality "1"]

1. e4 e5 2. Nf3 Nc6 3. Bb5 a6 4. Ba4 Nf6 5. 0-0 Be7 6. Re1 b5 7. Bb3 d6 8. c3 0-0 9. d3 Na5 10. Bc2 c5 11. Nbd2 Qc7 12. b3 Nc6 13. Nf1 d5 14. exd5 Nxd5 15. Bb2 Nf4 16. c4 Bd6 17. Ng3 f5 18. Qd2 Nd4 19. Bd1 Bb7 20. Re3 Nxg2 21. Kxg2 f4 22. Re1 Nxf3 23. Bxf3 fxg3 24. Bxb7 Qxb7+ 25. Kxg3 Qf3+ 26. Kh4 Be7+ 27. Qg5 Rf4# 0-1

[Event "GER-ch U18 Girls"]
[Site "Willingen"]
[Date "2019.06.14"]
[Round "8"]
[White "Alferova, Ekaterina"]
[Black "Trams, Emma Joe"]
[Result "1/2-1/2"]
[WhiteElo "1597"]
[BlackElo "1418"]
[PlyCount "151"]
[EventDate "2019.06.08"]
[EventType "swiss"]
[EventRounds "9"]
[EventCountry "GER"]
[SourceTitle "CBM 191 Extra"]
[Source "ChessBase"]
[SourceDate "2019.09.30"]
[SourceVersion "1"]
[SourceVersionDate "2019.09.30"]
[SourceQuality "1"]

1. d4 d5 2. Bf4 e6 3. e3 Nf6 4. a3 Bd6 5. Bg3 0-0 6. Nf3 Ne4 7. Bd3 Nf6 8. Nc3 a6 9. Ne2 Nc6 10. c3 h6 11. Qc2 Re8 12. Nf4 e5 13. dxe5 Nxe5 14. Nxe5 Bxe5 15. 0-0 c6 16. Rad1 Qc7 17. h3 Bd7 18. Rfe1 Rad8 19. Rf1 Bc8 20. Rd2 b5 21. Rfd1 Kf8 22. a4 Bb7 23. axb5 axb5 24. Ra1 Ra8 25. Rdd1 Rxa1 26. Rxa1 Ra8 27. Rxa8+ Bxa8 28. Qb1 Bb7 29. Bg6 Bc8 30. Bd3 Qb8 31. Bc2 Qc7 32. Kf1 Bd6 33. Qd1 Qe7 34. Qf3 Kg8 35. Nh5 Nxh5 36. Bxd6 Qxd6 37. Qxh5 Qe6 38. Qh4 Qd6 39. Kg1 Kf8 40. Qd4 Qe7 41. Qd3 Bd7 42. Qh7 Qf6 43. Qh8+ Ke7 44. Qb8 Qg5 45. Qc7 g6 46. Kf1 h5 47. Bd3 Qf6 48. Qa7 Qd6 49. Kg1 b4 50. Qa5 bxc3 51. bxc3 Qf6 52. Qc5+ Qd6 53. Qa5 Qf6 54. Kf1 Bf5 55. Qc5+ Kd7 56. Bxf5+ Qxf5 57. Qd4 Qb1+ 58. Ke2 Qc2+ 59. Kf3 Qf5+ 60. Qf4 Ke6 61. Qxf5+ Kxf5 62. Ke2 c5 63. Kd3 Ke5 64. c4 f5 65. f3 Kd6 66. g3 Ke5 67. h4 Kd6 68. Kc3 Ke5 69. Kd3 Kd6 70. Kc3 Ke5 71. cxd5 Kxd5 72. Kd3 Ke5 73. Kc4 Kd6 74. Kc3 Kd5 75. Kd3 Ke5 76. Kc4 1/2-1/2

[Event "GER-ch U18 Girls"]
[Site "Willingen"]
[Date "2019.06.12"]
[Round "6"]
[White "Fuchs, Emily"]
[Black "Trams, Emma Joe"]
[Result "1/2-1/2"]
[WhiteElo "1384"]
[BlackElo "1418"]
[PlyCount "75"]
[EventDate "2019.06.08"]
[EventType "swiss"]
[EventRounds "9"]
[EventCountry "GER"]
[SourceTitle "CBM 191 Extra"]
[Source "ChessBase"]
[SourceDate "2019.09.30"]
[SourceVersion "1"]
[SourceVersionDate "2019.09.30"]
[SourceQuality "1"]

1. e4 e5 2. Nf3 Nc6 3. d4 exd4 4. Nxd4 Nxd4 5. Qxd4 d6 6. Bc4 Be6 7. 0-0 Nf6 8. Nc3 Be7 9. Bg5 h6 10. Bh4 0-0 11. Rad1 Re8 12. Bxe6 fxe6 13. Rfe1 e5 14. Qc4+ Kh8 15. Bg3 Bf8 16. f4 exf4 17. Bxf4 Qc8 18. Nb5 Re7 19. e5 dxe5 20. Rxe5 c6 21. Rxe7 Bxe7 22. Nd6 Bxd6 23. Rxd6 Qf5 24. Rd4 Re8 25. Bd2 Re4 26. Rxe4 Qxe4 27. Qxe4 Nxe4 28. Be3 a6 29. Kf1 Kg8 30. Ke2 Kf7 31. Kd3 Nf6 32. Kd4 Ke6 33. h3 h5 34. Bf2 g6 35. a4 Nd5 36. g3 Kd6 37. c4 Nf6 38. b3 1/2-1/2

[Event "GER-ch U18 Girls"]
[Site "Willingen"]
[Date "2019.06.09"]
[Round "2"]
[White "Trams, Emma Joe"]
[Black "Gauchel, Verena"]
[Result "1-0"]
[WhiteElo "1418"]
[BlackElo "1534"]
[PlyCount "71"]
[EventDate "2019.06.08"]
[EventType "swiss"]
[EventRounds "9"]
[EventCountry "GER"]
[SourceTitle "CBM 191 Extra"]
[Source "ChessBase"]
[SourceDate "2019.09.30"]
[SourceVersion "1"]
[SourceVersionDate "2019.09.30"]
[SourceQuality "1"]

1. e4 Nf6 2. Nc3 d5 3. exd5 Nxd5 4. Nxd5 Qxd5 5. Nf3 g6 6. Be2 Bg7 7. 0-0 0-0 8. c3 b6 9. d4 Bb7 10. Bf4 c5 11. dxc5 Qxc5 12. Qc1 Rd8 13. Bh6 Nd7 14. Bxg7 Kxg7 15. Qf4 e5 16. Qg3 e4 17. Nd4 Nf6 18. Rfe1 a6 19. a3 Re8 20. Bd1 Re7 21. Bc2 Rae8 22. Kf1 a5 23. Rab1 Rc8 24. Rbc1 Kh8 25. Qh4 Nd7 26. Bxe4 Ba6+ 27. Kg1 Rce8 28. Nc2 Qc4 29. Rcd1 Nc5 30. Rd4 Qe6 31. h3 Qb3 32. Bd5 Rxe1+ 33. Nxe1 Rxe1+ 34. Kh2 Qxb2 35. Qf6+ Kg8 36. Qxf7+ 1-0

[Event "Mecklenburg VP-ch U18"]
[Site "Malchow"]
[Date "2019.02.04"]
[Round "4.4"]
[White "Trams, Emma Joe"]
[Black "Borkowski, Till Aaron"]
[Result "1/2-1/2"]
[WhiteElo "1421"]
[BlackElo "1404"]
[PlyCount "104"]
[EventDate "2019.02.02"]
[EventType "swiss"]
[EventRounds "7"]
[EventCountry "GER"]
[SourceTitle "EXT 2022"]
[Source "ChessBase"]
[SourceDate "2021.10.06"]
[SourceVersion "1"]
[SourceVersionDate "2021.10.06"]
[SourceQuality "1"]

1. e4 e5 2. Nf3 Nc6 3. Bb5 a6 4. Ba4 Nf6 5. 0-0 Be7 6. d3 b5 7. Bb3 0-0 8. c3 d6 9. Bg5 Bb7 10. Re1 Na5 11. Bc2 c5 12. b3 Qd7 13. Qd2 Nh5 14. Bxe7 Qxe7 15. Qg5 Qxg5 16. Nxg5 h6 17. Nf3 f5 18. Nbd2 Nc6 19. a4 f4 20. Nh4 Ne7 21. Bd1 Nf6 22. Nhf3 Bc6 23. Bc2 Nd7 24. b4 cxb4 25. cxb4 Rfc8 26. Bb3+ Kf8 27. a5 Bb7 28. Be6 Rc7 29. Rac1 Rac8 30. Nb3 Rxc1 31. Rxc1 Rxc1+ 32. Nxc1 Nb8 33. Na2 Nbc6 34. Kf1 Bc8 35. Bxc8 Nxc8 36. Nh4 N8e7 37. Nf3 Kf7 38. g3 fxg3 39. fxg3 d5 40. Kf2 Kf6 41. Ke3 g5 42. g4 dxe4 43. dxe4 Ng6 44. h3 Nf4 45. Ng1 Nd4 46. Kd2 h5 47. Nc3 hxg4 48. hxg4 Nc6 49. Na2 Ne6 50. Nh3 Ned4 51. Nf2 Nf3+ 52. Ke2 Nfd4+ 1/2-1/2

[Event "Mecklenburg VP-ch U18"]
[Site "Malchow"]
[Date "2019.02.03"]
[Round "2.5"]
[White "Trams, Emma Joe"]
[Black "Wurst, Maximilian1111"]
[Result "1/2-1/2"]
[WhiteElo "1421"]
[BlackElo "1723"]
[PlyCount "146"]
[EventDate "2019.02.02"]
[EventType "swiss"]
[EventRounds "7"]
[EventCountry "GER"]
[SourceTitle "EXT 2022"]
[Source "ChessBase"]
[SourceDate "2021.10.06"]
[SourceVersion "1"]
[SourceVersionDate "2021.10.06"]
[SourceQuality "1"]

1. e4 e5 2. Nf3 Nc6 3. Bb5 a6 4. Ba4 Nf6 5. 0-0 b5 6. Bb3 Bc5 7. d3 h6 8. Re1 d6 9. h3 0-0 10. c3 Bd7 11. d4 Bb6 12. dxe5 Nxe5 13. Bf4 Ng6 14. Bg3 Nh5 15. Bh2 Nhf4 16. Qd2 Qf6 17. e5 Nxh3+ 18. Kf1 dxe5 19. Qxd7 Nxf2 20. Bxe5 Nxe5 21. Rxe5 Rad8 22. Qf5 Qxf5 23. Rxf5 Nd3 24. Ne5 Nxe5 25. Rxe5 Rd6 26. Rf5 g6 27. Rf3 Kg7 28. Na3 c5 29. Re1 f5 30. Re7+ Kf6 31. Re1 h5 32. Bc2 c4 33. b3 cxb3 34. axb3 Rc8 35. c4 Bc5 36. Nb1 bxc4 37. bxc4 Bb4 38. Re2 Rxc4 39. Na3 Rh4 40. g3 Rhd4 41. Rb3 h4 42. gxh4 Rxh4 43. Bd3 a5 44. Nc4 Rxd3 45. Rxd3 Rxc4 46. Rde3 Rc1+ 47. Kg2 Rc6 48. Re8 Rd6 49. Kh3 Bd2 50. Rb8 g5 51. Rf8+ Kg6 52. Re5 Rf6 53. Ra8 Rf7 54. Re6+ Rf6 55. Re7 g4+ 56. Kh4 Bg5+ 57. Kg3 Rb6 58. Rd7 Rb3+ 59. Kg2 Rb2+ 60. Kg3 Rb3+ 61. Kg2 Bh4 62. Rxa5 Rb2+ 63. Kf1 g3 64. Ra6+ Kh5 65. Rh7+ Kg4 66. Ra4+ f4 67. Rg7+ Bg5 68. Ra5 Rb1+ 69. Ke2 f3+ 70. Kd3 f2 71. Raxg5+ Kf4 72. Rg4+ Kf5 73. R7g5+ Kf6 1/2-1/2

[Event "GER-ch U25-B"]
[Site "Willingen"]
[Date "2018.05.25"]
[Round "8"]
[White "Schulze, Lukas"]
[Black "Trams, Emma Joe"]
[Result "0-1"]
[WhiteElo "1562"]
[BlackElo "1291"]
[PlyCount "106"]
[EventDate "2018.05.19"]
[EventType "swiss"]
[EventRounds "9"]
[EventCountry "GER"]
[SourceTitle "CBM 184 Extra"]
[Source "ChessBase"]
[SourceDate "2018.06.28"]
[SourceVersion "1"]
[SourceVersionDate "2018.06.28"]
[SourceQuality "1"]

1. Nf3 Nc6 2. d4 d5 3. c4 e6 4. g3 Nf6 5. Bg2 Bb4+ 6. Bd2 Bxd2+ 7. Nbxd2 0-0 8. 0-0 b6 9. Qc2 Bb7 10. Rfd1 Rb8 11. e4 Ne7 12. e5 Nd7 13. Rac1 c5 14. Nb3 dxc4 15. Qxc4 Bd5 16. Qc3 cxd4 17. Rxd4 Rc8 18. Qe3 Nf5 19. Qd3 Nxd4 20. Qxd4 Bxb3 21. Rxc8 Qxc8 22. axb3 Rd8 23. Qf4 h6 24. h3 Nc5 25. Nd4 Nd3 26. Qe4 Nxb2 27. Nc6 Rd7 28. Qb4 Qe8 29. Nd4 Qd8 30. Nc6 Qc7 31. Qe4 Nd3 32. Ne7+ Rxe7 33. Qxd3 Rd7 34. Qe4 Rd8 35. h4 Qc1+ 36. Kh2 Qd2 37. Qf3 Qd3 38. Qc6 Qd7 39. Qf3 Qd5 40. Qe3 Qd3 41. Qc1 Qxb3 42. Qc7 Qd3 43. Qxa7 b5 44. Qb7 Qc4 45. Bc6 b4 46. Bb5 Qd4 47. Kg1 b3 48. Bf1 b2 49. Qb3 Qxe5 50. Qc2 Qd4 51. Kg2 Qd2 52. Qb1 Qc1 53. Qxc1 bxc1Q 0-1

[Event "Mecklenburg VP-ch op"]
[Site "Neubrandenburg"]
[Date "2018.04.28"]
[Round "2.10"]
[White "Buenz, Heinrich"]
[Black "Trams, Emma Joe"]
[Result "1-0"]
[WhiteElo "1836"]
[BlackElo "1359"]
[PlyCount "105"]
[EventDate "2018.04.28"]
[EventType "swiss"]
[EventRounds "7"]
[EventCountry "GER"]
[SourceTitle "EXT 2023"]
[Source "ChessBase"]
[SourceDate "2022.10.05"]
[SourceVersion "1"]
[SourceVersionDate "2022.10.05"]
[SourceQuality "1"]

1. Nf3 Nc6 2. g3 g6 3. Bg2 Bg7 4. 0-0 Nf6 5. c3 0-0 6. d4 d6 7. Nbd2 e5 8. dxe5 dxe5 9. Nc4 Qe7 10. Qb3 Rb8 11. Ng5 h6 12. Nf3 Bd7 13. Qc2 Bf5 14. Qb3 Be6 15. Nfd2 Na5 16. Qa3 Qxa3 17. Nxa3 Nc6 18. Bxc6 bxc6 19. Ndc4 Nd5 20. Kg2 e4 21. Nc2 Rfe8 22. N2e3 Nxe3+ 23. Nxe3 a5 24. Nd1 Bd5 25. b3 c5 26. Bf4 Rb7 27. Rc1 c4 28. Ne3 Be6 29. bxc4 Rb2 30. Nd5 Rxa2 31. Bxc7 Rxe2 32. Bxa5 Bxd5 33. cxd5 Re5 34. c4 Bf8 35. Bb6 e3 36. Kg1 exf2+ 37. Rxf2 R2e4 38. Kg2 Re8 39. c5 Rc8 40. c6 Re5 41. Rd1 Bd6 42. Rf6 Be7 43. Rf2 Bd6 44. Ra2 Re4 45. Ra7 Rc4 46. Rd7 Be5 47. Be3 h5 48. Bg5 f6 49. Bf4 Bxf4 50. gxf4 Kf8 51. Re1 Rc2+ 52. Kf3 Rc3+ 53. Re3 1-0

[Event "Mecklenburg VP-ch op"]
[Site "Neubrandenburg"]
[Date "2018.04.28"]
[Round "1.13"]
[White "Trams, Emma Joe"]
[Black "Radloff, Arno"]
[Result "1/2-1/2"]
[WhiteElo "1359"]
[BlackElo "1711"]
[PlyCount "56"]
[EventDate "2018.04.28"]
[EventType "swiss"]
[EventRounds "7"]
[EventCountry "GER"]
[SourceTitle "EXT 2023"]
[Source "ChessBase"]
[SourceDate "2022.10.05"]
[SourceVersion "1"]
[SourceVersionDate "2022.10.05"]
[SourceQuality "1"]

1. e4 e6 2. Nf3 d5 3. exd5 exd5 4. d4 Nf6 5. Bg5 Be7 6. Bd3 Nbd7 7. 0-0 0-0 8. Re1 h6 9. Bh4 Re8 10. Nc3 c6 11. Ne5 Bd6 12. Nxd7 Bxd7 13. Rxe8+ Bxe8 14. Qf3 Be7 15. Re1 Bd7 16. h3 Qf8 17. Nd1 Re8 18. Ne3 Bd8 19. Rd1 Nh7 20. Nf5 Bxh4 21. Nxh4 Ng5 22. Qg3 Qe7 23. f4 Ne4 24. Bxe4 Qxe4 25. Rd2 Qe3+ 26. Qxe3 Rxe3 27. Nf3 f6 28. Kf2 Re7 1/2-1/2

[Event "Mecklenburg VP-ch U16"]
[Site "Malchow"]
[Date "2018.02.07"]
[Round "4.3"]
[White "Borkowski, Till Aaron"]
[Black "Trams, Emma Joe"]
[Result "1-0"]
[WhiteElo "1404"]
[BlackElo "1325"]
[PlyCount "109"]
[EventDate "2018.02.07"]
[EventType "swiss"]
[EventRounds "7"]
[EventCountry "GER"]
[SourceTitle "EXT 2022"]
[Source "ChessBase"]
[SourceDate "2021.10.06"]
[SourceVersion "1"]
[SourceVersionDate "2021.10.06"]
[SourceQuality "1"]

1. e4 e5 2. Nf3 Nc6 3. Bb5 Nf6 4. 0-0 d6 5. d3 Bg4 6. Nbd2 Be7 7. c3 0-0 8. Qc2 a6 9. Ba4 b5 10. Bb3 d5 11. exd5 Nxd5 12. Re1 Bf6 13. Bxd5 Qxd5 14. c4 Nd4 15. Nxd4 Qxd4 16. Re4 Qd7 17. cxb5 axb5 18. Re3 Bf5 19. Ne4 Be7 20. Ng3 Bg6 21. Rxe5 Bxd3 22. Rxe7 Qxe7 23. Qxd3 Qe6 24. Be3 Rxa2 25. Rxa2 Qxa2 26. Qxb5 c6 27. Qxc6 Qxb2 28. h3 Qa1+ 29. Qc1 Qe5 30. Qc5 Qa1+ 31. Kh2 Qf6 32. Qd4 Qg6 33. Qe4 Qxe4 34. Nxe4 f5 35. Nc5 f4 36. Bd2 g5 37. Ne6 Rf5 38. h4 h6 39. hxg5 hxg5 40. Kh3 Kf7 41. Nd4 Rd5 42. Bc3 Kg6 43. Kg4 Rc5 44. Bb2 Rd5 45. Nf3 Rb5 46. Bd4 Rd5 47. Bb6 Rd6 48. Bc7 Rd5 49. Bb6 Rb5 50. Bd4 Rd5 51. g3 fxg3 52. fxg3 Rb5 53. Bc3 Rb3 54. Bd2 Rd3 55. Ne5+ 1-0

[Event "Mecklenburg VP-ch Youth"]
[Site "Malchow"]
[Date "2017.02.16"]
[Round "2.5"]
[White "Hampe, Arwen"]
[Black "Trams, Emma Joe"]
[Result "0-1"]
[WhiteElo "1057"]
[BlackElo "1340"]
[PlyCount "60"]
[EventDate "2017.02.08"]
[EventType "swiss"]
[EventRounds "7"]
[EventCountry "GER"]
[SourceTitle "EXT 2022"]
[Source "ChessBase"]
[SourceDate "2021.10.06"]
[SourceVersion "1"]
[SourceVersionDate "2021.10.06"]
[SourceQuality "1"]

1. e4 e5 2. Nf3 Nc6 3. d4 exd4 4. Nxd4 Nf6 5. Nxc6 bxc6 6. Nc3 Bb4 7. Bg5 d6 8. Bxf6 Qxf6 9. Qd2 Be6 10. a3 Ba5 11. 0-0-0 0-0 12. f3 Rab8 13. Qd4 Qg5+ 14. Qd2 Qg6 15. b4 Bb6 16. Na4 c5 17. bxc5 Bxc5 18. Nxc5 dxc5 19. Qa5 Qg5+ 20. Qd2 Qe5 21. c3 Rb3 22. Kc2 Rxa3 23. Rb1 a5 24. Bb5 a4 25. Ra1 Rxa1 26. Rxa1 Qxh2 27. Rxa4 Rb8 28. Bc4 Qg1 29. Qd1 Qxg2+ 30. Kc1 Qb2# 0-1

[Event "Mecklenburg VP-ch Youth"]
[Site "Malchow"]
[Date "2017.02.16"]
[Round "4.2"]
[White "Troyke, Jannis"]
[Black "Trams, Emma Joe"]
[Result "1-0"]
[WhiteElo "1667"]
[BlackElo "1340"]
[PlyCount "45"]
[EventDate "2017.02.08"]
[EventType "swiss"]
[EventRounds "7"]
[EventCountry "GER"]
[SourceTitle "EXT 2022"]
[Source "ChessBase"]
[SourceDate "2021.10.06"]
[SourceVersion "1"]
[SourceVersionDate "2021.10.06"]
[SourceQuality "1"]

1. e4 e5 2. Nf3 Nc6 3. d4 exd4 4. Bc4 Nf6 5. e5 Ng8 6. 0-0 h6 7. c3 dxc3 8. Nxc3 Bb4 9. Nd5 Bc5 10. b4 Bxb4 11. Nxb4 Nxb4 12. Qb3 Qe7 13. Ba3 c5 14. Nd4 d5 15. exd6 Qxd6 16. Bxf7+ Kf8 17. Rfe1 Bd7 18. Rad1 Qf6 19. Be6 Be8 20. Nf5 Bc6 21. Bb2 Qg6 22. Bxg7+ Ke8 23. Bf7# 1-0

[Event "GER-ch U25-B"]
[Site "Willingen"]
[Date "2016.05.21"]
[Round "9"]
[White "Trams, Emma Joe"]
[Black "Reiser, Silas"]
[Result "1-0"]
[WhiteElo "1142"]
[BlackElo "926"]
[PlyCount "71"]
[EventDate "2016.05.15"]
[EventType "swiss"]
[EventRounds "9"]
[EventCountry "GER"]
[SourceTitle "CBM 172 Extra"]
[Source "ChessBase"]
[SourceDate "2016.06.21"]
[SourceVersion "1"]
[SourceVersionDate "2016.06.21"]
[SourceQuality "1"]

1. e4 d5 2. exd5 Qxd5 3. Nc3 Qd8 4. Nf3 Nf6 5. Bc4 Bf5 6. d3 c5 7. Be3 e6 8. 0-0 Nc6 9. Bb5 Qc7 10. a3 b6 11. d4 Rd8 12. Ne5 Rd6 13. Bxc6+ Rxc6 14. Nxc6 Qxc6 15. dxc5 Bxc5 16. Bxc5 bxc5 17. Qe2 0-0 18. Qb5 Qc7 19. Na4 Ng4 20. f4 Rc8 21. Qe2 Nf6 22. h3 Qc6 23. Nc3 Qb6 24. Rab1 c4+ 25. Kh2 Qb7 26. Rfd1 Be4 27. Qd2 h6 28. Nxe4 Nxe4 29. Qd4 c3 30. bxc3 Qc6 31. Re1 Nxc3 32. Ra1 Nb5 33. Qb4 Qb6 34. Rab1 a6 35. a4 a5 36. Qxb5 1-0

[Event "Mecklenburg VP-ch MT"]
[Site "Greifswald"]
[Date "2016.04.29"]
[Round "4.13"]
[White "Betke, Arno"]
[Black "Trams, Emma Joe"]
[Result "1-0"]
[WhiteElo "1620"]
[BlackElo "1360"]
[PlyCount "71"]
[EventDate "2016.04.28"]
[EventType "swiss"]
[EventRounds "7"]
[EventCountry "GER"]
[SourceTitle "EXT 2023"]
[Source "ChessBase"]
[SourceDate "2022.10.05"]
[SourceVersion "1"]
[SourceVersionDate "2022.10.05"]
[SourceQuality "1"]

1. b3 b6 2. Bb2 Nf6 3. e3 Bb7 4. Nf3 e6 5. d4 Nc6 6. a3 d5 7. Nbd2 Bd6 8. c4 dxc4 9. Nxc4 Be7 10. Be2 Qd5 11. Ncd2 0-0-0 12. b4 Qd7 13. Rc1 Bd6 14. Bb5 a6 15. Be2 Rde8 16. Qc2 Kb8 17. Bxa6 Bxa6 18. Qxc6 Qd8 19. b5 Bc8 20. a4 Bd7 21. Qc2 Nd5 22. 0-0 Nb4 23. Qb3 Nd5 24. Nc4 Qe7 25. Nxd6 Qxd6 26. Ba3 Nb4 27. Bxb4 Qd5 28. Qxd5 exd5 29. Rc3 Rc8 30. Rfc1 Rhe8 31. Ne5 Be6 32. a5 Kb7 33. a6+ Kb8 34. Nc6+ Ka8 35. Ne7 Rcd8 36. Rxc7 1-0

[Event "Mecklenburg VP-ch MT"]
[Site "Greifswald"]
[Date "2016.04.28"]
[Round "1.13"]
[White "Trams, Emma Joe"]
[Black "Kriese, Ralf"]
[Result "0-1"]
[WhiteElo "1360"]
[BlackElo "1754"]
[PlyCount "92"]
[EventDate "2016.04.28"]
[EventType "swiss"]
[EventRounds "7"]
[EventCountry "GER"]
[SourceTitle "EXT 2023"]
[Source "ChessBase"]
[SourceDate "2022.10.05"]
[SourceVersion "1"]
[SourceVersionDate "2022.10.05"]
[SourceQuality "1"]

1. e4 e6 2. Nf3 d5 3. exd5 exd5 4. d4 Bd6 5. Bb5+ c6 6. Ba4 Nf6 7. Nc3 Qe7+ 8. Be3 Bg4 9. 0-0 Nbd7 10. Re1 0-0-0 11. h3 Bh5 12. Qd2 Bxf3 13. gxf3 Qe6 14. Bf4 Bxf4 15. Qxf4 Qxh3 16. Re7 g5 17. Qg3 Qxg3+ 18. fxg3 Rhf8 19. Kg2 Rde8 20. Rxe8+ Rxe8 21. Kf2 h5 22. Rh1 Nf8 23. Ne2 Ng6 24. c3 Kd7 25. Bc2 Rh8 26. Bf5+ Kd6 27. Rh2 h4 28. Kg2 a5 29. b3 hxg3 30. Kxg3 Rxh2 31. Kxh2 Nh4 32. Bg4 Nxg4+ 33. fxg4 Nf3+ 34. Kg3 Nd2 35. Kf2 Ke6 36. Ke3 Ne4 37. Kf3 f5 38. gxf5+ Kxf5 39. Kg2 Kg4 40. Kg1 Kf3 41. Kf1 Ng3+ 42. Nxg3 Kxg3 43. Kg1 g4 44. a3 b5 45. a4 bxa4 46. bxa4 Kf3 0-1

[Event "Mecklenburg VP U14"]
[Site "Malchow"]
[Date "2016.02.02"]
[Round "2.5"]
[White "Trams, Emma Joe"]
[Black "Yevtushenko, Yaroslav"]
[Result "0-1"]
[WhiteElo "1360"]
[BlackElo "2116"]
[PlyCount "29"]
[EventDate "2016.02.02"]
[EventType "swiss"]
[EventRounds "7"]
[EventCountry "GER"]
[SourceTitle "EXT 2024"]
[Source "ChessBase"]
[SourceDate "2023.10.10"]
[SourceVersion "1"]
[SourceVersionDate "2023.10.10"]
[SourceQuality "1"]

1. e4 c5 2. Nf3 d6 3. Bb5+ Nc6 4. d4 cxd4 5. Nxd4 Bd7 6. Nc3 Nf6 7. Bg5 g6 8. 0-0 Bg7 9. Nf3 0-0 10. Re1 Bg4 11. h3 Bxf3 12. Qxf3 Nd4 13. Qd3 Qb6 14. Be3 Ne8 15. Rad1 0-1

[Event "Mecklenburg VP-ch U12 Girls"]
[Site "Malchow"]
[Date "2015.01.31"]
[Round "1.2"]
[White "Riebe, Leonie"]
[Black "Trams, Emma Joe"]
[Result "1/2-1/2"]
[WhiteElo "967"]
[BlackElo "893"]
[PlyCount "108"]
[EventDate "2015.01.31"]
[EventType "tourn"]
[EventRounds "7"]
[EventCountry "GER"]
[SourceTitle "EXT 2022"]
[Source "ChessBase"]
[SourceDate "2021.10.06"]
[SourceVersion "1"]
[SourceVersionDate "2021.10.06"]
[SourceQuality "1"]

1. e4 e5 2. Nf3 Nc6 3. Bc4 Nf6 4. d3 d6 5. Be3 Bg4 6. h3 Bh5 7. Nbd2 Be7 8. c3 0-0 9. d4 exd4 10. cxd4 h6 11. Qa4 a6 12. d5 b5 13. Qa3 Ne5 14. Be2 Nxf3+ 15. Nxf3 Nxe4 16. Nd4 Bxe2 17. Nxe2 Nf6 18. Qb3 Re8 19. Nd4 Qc8 20. 0-0 Ne4 21. a4 Nc5 22. Qc3 Nxa4 23. Qc2 Bf6 24. b3 Nb6 25. Rfd1 Nxd5 26. Qd2 Nxe3 27. fxe3 c5 28. Rac1 Qd8 29. Nc6 Qc8 30. Qxd6 Rxe3 31. Rxc5 Qf8 32. Qd5 Be7 33. Rc2 Rc8 34. Rf1 Bf6 35. Ra2 Ra8 36. b4 Be7 37. Ne5 Bf6 38. Ng4 Re6 39. Rc2 Rd8 40. Qf3 Rdd6 41. Qg3 Bd4+ 42. Kh1 Rc6 43. Rd2 Bf6 44. Nxh6+ Kh7 45. Nf5 g6 46. Nh4 Bxh4 47. Qxh4+ Kg8 48. Rf4 Re8 49. Rg4 Qg7 50. Qf2 Rcc8 51. Rd1 Rcd8 52. Rf1 Rf8 53. Rf4 Rd7 54. Rg1 Rdd8 1/2-1/2